Применение вольтамперометрии для количественного определения мышьяка в поверхностных водах бассейна реки Обь; Химия и химическая технология на рубеже тысячелетий

Podrobná bibliografie
Parent link:Химия и химическая технология на рубеже тысячелетий.— 2004.— [С. 231-232]
Hlavní autor: Темерев С. В.
Další autoři: Кондакова И. Ю.
Shrnutí:Заглавие с титульного листа
Электронная версия печатной публикации
Jazyk:ruština
Vydáno: 2004
Témata:
On-line přístup:http://www.lib.tpu.ru/fulltext/v/Conferences/2004/K01/41161.pdf
Médium: Elektronický zdroj Kapitola
KOHA link:https://koha.lib.tpu.ru/cgi-bin/koha/opac-detail.pl?biblionumber=219398

MARC

LEADER 00000naa2a2200000 4500
001 219398
005 20260203161447.0
035 |a (RuTPU)RU\TPU\book\239450 
035 |a RU\TPU\book\239442 
090 |a 219398 
100 |a 20120705d2004 k y0rusy50 ca 
101 0 |a rus 
102 |a RU 
135 |a drnn ---uucaa 
181 0 |a i  
182 0 |a b 
200 1 |a Применение вольтамперометрии для количественного определения мышьяка в поверхностных водах бассейна реки Обь  |f С. В. Темерев, И. Ю. Кондакова 
203 |a Текст  |c электронный 
215 |a 1 файл (317 Кб) 
300 |a Заглавие с титульного листа 
300 |a Электронная версия печатной публикации 
337 |a Adobe Reader 
463 1 |0 (RuTPU)RU\TPU\book\74583  |t Химия и химическая технология на рубеже тысячелетий  |o материалы III Всероссийской научной конференции, Томск, 2-4 сентября 2004 г.  |f Российское химическое общество им. Д. И. Менделеева; Химия и химическая технология на рубеже тысячелетий. Всероссийская научная конференция; Российская Академия естествознания; Администрация Томской области; ООО "Томскнефтехим"; ЗАО "Метанол"; Томский политехнический университет  |v [С. 231-232]  |d 2004 
610 1 |a мышьяк 
610 1 |a количественное определение 
610 1 |a вольтамперометрия 
610 1 |a бассейны рек 
610 1 |a Обь 
610 1 |a электронный ресурс 
700 1 |a Темерев  |b С. В. 
701 1 |a Кондакова  |b И. Ю. 
801 1 |a RU  |b 63413507  |c 20120529 
801 2 |a RU  |b 63413507  |c 20120705  |g RCR 
856 4 |u http://www.lib.tpu.ru/fulltext/v/Conferences/2004/K01/41161.pdf 
942 |c CF